| 000 | 00560nam a22001817a 4500 | ||
|---|---|---|---|
| 005 | 20231108094204.0 | ||
| 008 | 231108b |||||||| |||| 00| 0 eng d | ||
| 020 | _a0702159204 | ||
| 041 | _aEnglish | ||
| 082 | _a346.3 VIS | ||
| 100 |
_aVisser, PJ et al. _lEnglish |
||
| 245 |
_aVisser and Potgieter's: Law of Damages / _cPJ Visser et al. |
||
| 250 | _aSecond Edition | ||
| 260 |
_aCape Town : _bJuta and Company Ltd, _c2003 |
||
| 300 |
_bxcvii, 514 pages ; _c25 cm. |
||
| 650 |
_aLegal practice _bLaw |
||
| 942 |
_cBK _6ALISON_BN_VRIES |
||
| 999 |
_c411 _d411 |
||